भारत का संविधान/ (Record no. 215001)
[ view plain ]
| 000 -LEADER | |
|---|---|
| fixed length control field | 01061nam a22001937a 4500 |
| 005 - DATE AND TIME OF LATEST TRANSACTION | |
| control field | 20260312150540.0 |
| 010 ## - LCCN (DPL NO) | |
| LC control number | BACHN26 |
| 020 ## - INTERNATIONAL STANDARD BOOK NUMBER | |
| International Standard Book Number | 9788194597445 |
| Terms of availability | 2995.00 |
| 037 ## - SOURCE OF ACQUISITION | |
| Source of stock number/acquisition | सिनर्जी बुक्स |
| 082 ## - DEWEY DECIMAL CLASSIFICATION NUMBER | |
| Classification number | 342.54 |
| 100 ## - MAIN ENTRY--PERSONAL NAME | |
| Personal name | अंबेडकर,बी.आर |
| 245 ## - TITLE STATEMENT | |
| Title | भारत का संविधान/ |
| Statement of responsibility, etc | बी.आर. अंबेडकर [एवं ]राजेन्द्र प्रसाद |
| 260 ## - PUBLICATION, DISTRIBUTION, ETC. (IMPRINT) | |
| Place of publication, distribution, etc | नई दिल्ली |
| Name of publisher, distributor, etc | अबध्या एजूकेशन प्रा,लि, |
| Date of publication, distribution, etc | 2026 |
| 270 ## - ADDRESS | |
| Address | 4800, ग्राउंड फ्लोर, हरबंस स्ट्रीट, 24 भारत राम रोड़, अंसारी रोड़, दरियागंज |
| City | नई दिल्ली |
| Postal code | 110002 |
| 300 ## - PHYSICAL DESCRIPTION | |
| Extent | 371पृ. |
| Dimensions | 27सेमी(सजिल्द) |
| 500 ## - GENERAL NOTE | |
| General note | 1मई, 2024 को यथाविद्यमान |
| 700 ## - ADDED ENTRY--PERSONAL NAME | |
| Personal name | प्रसाद ,राजेन्द्र |
| 9 (RLIN) | 88364 |
| 942 ## - ADDED ENTRY ELEMENTS (KOHA) | |
| Source of classification or shelving scheme | Dewey Decimal Classification |
| Item type | Hindi Books |
| Classification part | 342.54 |
| Call number suffix | अंबेड |
No items available.
